[Event "Rheinhessen-ch HTB"]
[Site "Pfeddersheim"]
[Date "2011.04.23"]
[Round "4"]
[White "Grimm, Lothar"]
[Black "Foerster, Erik"]
[Result "0-1"]
[WhiteElo "1540"]
[BlackElo "1666"]
[PlyCount "60"]
[EventDate "2011.04.21"]
[EventType "swiss"]
[EventRounds "5"]
[EventCountry "GER"]
[SourceTitle "EXT 2012"]
[Source "ChessBase"]
[SourceDate "2011.11.24"]
[SourceVersion "1"]
[SourceVersionDate "2011.11.24"]
[SourceQuality "1"]

1. e4 e6 2. d4 d5 3. e5 c5 4. c3 Nc6 5. Nf3 Qb6 6. a3 Nh6 7. b4 cxd4 8. cxd4 Nf5 9. Bb2 a6 10. Nc3 Rb8 11. Na4 Qd8 12. Rc1 Bd7 13. Nc5 Be7 14. g3 f6 15. Bh3 Bxc5 16. Bxf5 Bxb4+ 17. axb4 exf5 18. Ba3 Kf7 19. 0-0 f4 20. Qb3 Bg4 21. gxf4 Bxf3 22. Qxf3 Nxd4 23. Qd3 Nb5 24. Bb2 Qd7 25. Rc5 Rbd8 26. Re1 fxe5 27. fxe5 Qg4+ 28. Kh1 Ke6 29. f3 Qxb4 30. Ba3 Qxe1+ 0-1